| 000 | 02456cam a22003735a 4500 | ||
|---|---|---|---|
| 001 | 014865595 | ||
| 003 | EG-ScBUE | ||
| 005 | 20220426092832.0 | ||
| 008 | 090212s2009 enka f bf 001 0 eng d | ||
| 020 | _a9780521708241 (pbk.) | ||
| 020 | _a0521708249 (pbk.) | ||
| 040 |
_aStDuBDS _beng _erda _cStDuBDS _dUk _dEG-ScBUE |
||
| 041 | 1 |
_aeng _hswe |
|
| 082 | 0 | 4 |
_a413.028 _bSVE _222 |
| 100 | 1 |
_aSvensén, Bo, _d1941- _eauthor. _941876 |
|
| 240 | 1 | 0 |
_aHandbok i lexikografi. _lEnglish |
| 245 | 1 | 2 |
_aA handbook of lexicography : _bthe theory and practice of dictionary-making / _cBo Svensen. |
| 264 | 1 |
_aCambridge : _bCambridge University Press, _c2009. |
|
| 300 |
_axvi, 535 pages : _billustrations ; _c25 cm |
||
| 336 |
_2rdacontent _atext _btxt |
||
| 337 |
_2rdamedia _aunmediated _bn |
||
| 338 |
_2rdacarrier _avolume _bnc |
||
| 504 | _aIncludes bibliographical references and index. | ||
| 505 | 0 | _aLexicography -- Types of dictionaries -- Data collection and data selection -- The dictionary as text -- The lemma -- Spelling and word division -- Pronunciation -- Morphology -- Part-of-speech membership -- Constructions -- Collocations -- Idioms and other fixed word combinations -- Meaning description in monolingual dictionaries -- Equivalents in bilingual dictionaries -- Examples -- Encyclopedic information -- Illustrations -- Marking -- Etymology -- Microstructure -- Macrostructure -- Megastructure -- Cross-reference structure -- Dictionary projects -- Legal and ethical aspects -- The electronic dictionary -- Dictionary use -- Dictionary criticism. | |
| 520 | _aThis is an important and practical guide to contemporary lexicography, designed for lexicographers, language students and teachers, translators and academics. It surveys types of dictionary, how different kinds of information are dealt with when compiling dictionaries, how this information is presented to users, and how dictionaries are actually used. | ||
| 650 | 7 |
_aLexicography _vHandbooks, manuals, etc. _2BUEsh |
|
| 651 | _2BUEsh | ||
| 653 |
_bHHUUEENN _cNovember2018 |
||
| 655 |
_vReading book _934232 |
||
| 856 | 4 | 2 |
_3Contributor biographical information _uhttp://www.loc.gov/catdir/enhancements/fy0906/2009004686-b.html |
| 856 | 4 | 2 |
_3Publisher description _uhttp://www.loc.gov/catdir/enhancements/fy0906/2009004686-d.html |
| 856 | 4 | 1 |
_3Table of contents only _uhttp://www.loc.gov/catdir/enhancements/fy0906/2009004686-t.html |
| 942 |
_2ddc _cBB |
||
| 999 |
_c26935 _d26907 |
||